PERSONALITY DEVELOPMENT (Record no. 8539)

MARC details
000 -LEADER
fixed length control field 00352nam a22001457a 4500
005 - DATE AND TIME OF LATEST TRANSACTION
control field 20240705140611.0
008 - FIXED-LENGTH DATA ELEMENTS--GENERAL INFORMATION
fixed length control field 240705b |||||||| |||| 00| 0 eng d
020 ## - INTERNATIONAL STANDARD BOOK NUMBER
ISBN 978-81-7505-224-6
041 ## - LANGUAGE CODE
Language code of text/sound track or separate title eng
100 ## - MAIN ENTRY--AUTHOR NAME
Personal name VIVEKANAND , SWAMI
245 ## - TITLE STATEMENT
Title PERSONALITY DEVELOPMENT
260 ## - PUBLICATION, DISTRIBUTION, ETC. (IMPRINT)
Place of publication KOLKATA
Name of publisher ADVATTA ASHRAMA
300 ## - PHYSICAL DESCRIPTION
Number of Pages 128;p
942 ## - ADDED ENTRY ELEMENTS (KOHA)
Koha item type Books
Holdings
Lost status Damaged status Home library Current library Shelving location Date acquired Source of acquisition Cost, normal purchase price Accession Number Koha item type
    JRU Library JRU Library SHELF-44-L 05/07/2024 PURCHASE 30.00 28215 Books
    JRU Library JRU Library SHELF-44-L 05/07/2024 PURCHASE 30.00 28216 Books